| 000 | 00612nam a22001937a 4500 | ||
|---|---|---|---|
| 005 | 20171109104728.0 | ||
| 010 | _aENG-121289 | ||
| 020 |
_a9788174533692 _c750.00 |
||
| 035 | _aEN-104821 | ||
| 037 | _bDBAD/PUB | ||
| 082 | _a220.65 | ||
| 100 | _aNagar ,Pushpa | ||
| 245 |
_aRelevance of manusmrti in modern age / _cby Pushpa Nagar |
||
| 260 |
_a New Delhi _bSanjay Parkashan _c2011 |
||
| 270 |
_a4378/4D,209 J.M.D.House , Ansari Road, Darya Ganj. _b New Delhi _e110007 |
||
| 300 |
_av,230p. _c23cm(Hb) |
||
| 500 | _aIncludes bibliographical references. | ||
| 942 |
_2ddc _cEN _h220.65 _kNAG |
||
| 999 |
_c147259 _d147259 |
||